Artforms : (Record no. 573)
[ view plain ]
| 000 -LEADER | |
|---|---|
| fixed length control field | 00743nam a2200241 a 4500 |
| 005 - DATE AND TIME OF LATEST TRANSACTION | |
| control field | 20260322212025.0 |
| 008 - FIXED-LENGTH DATA ELEMENTS--GENERAL INFORMATION | |
| fixed length control field | data |
| 010 ## - LIBRARY OF CONGRESS CONTROL NUMBER | |
| LC control number | 00-052464 |
| 020 ## - INTERNATIONAL STANDARD BOOK NUMBER | |
| International Standard Book Number | 0130899798 (pbk.) |
| 020 ## - INTERNATIONAL STANDARD BOOK NUMBER | |
| International Standard Book Number | 9780130899798 (pbk.) |
| 040 ## - CATALOGING SOURCE | |
| Original cataloging agency | Donation |
| 092 ## - LOCALLY ASSIGNED DEWEY CALL NUMBER (OCLC) | |
| Classification number | 700 P69 2002 |
| 001 - CONTROL NUMBER | |
| control field | data |
| 100 1# - MAIN ENTRY--PERSONAL NAME | |
| Personal name | Preble, Duane. |
| 245 10 - TITLE STATEMENT | |
| Title | Artforms : |
| Remainder of title | an introduction to the visual arts |
| Statement of responsibility, etc. | Duane Preble, Sarah Preble ; revised by Patrick Frank. |
| 250 ## - EDITION STATEMENT | |
| Edition statement | 7th ed. |
| 260 ## - PUBLICATION, DISTRIBUTION, ETC. | |
| Place of publication, distribution, etc. | Upper Saddle River, NJ |
| Name of publisher, distributor, etc. | Prentice Hall |
| Date of publication, distribution, etc. | c2002 |
| 300 ## - PHYSICAL DESCRIPTION | |
| Extent | xii, 524 p. : |
| Other physical details | ill. (some col.), maps ; |
| Dimensions | 28 cm. + |
| 500 ## - GENERAL NOTE | |
| General note | Includes bibliographical references (p. 511-512) and index. |
| 650 02 - SUBJECT ADDED ENTRY--TOPICAL TERM | |
| Topical term or geographic name entry element | Art |
| General subdivision | history |
| 700 1# - ADDED ENTRY--PERSONAL NAME | |
| Personal name | Frank, Patrick, |
| Dates associated with a name | 1953- |
| 700 1# - ADDED ENTRY--PERSONAL NAME | |
| Personal name | Preble, Sarah. |
| Withdrawn status | Lost status | Damaged status | Not for loan | Home library | Current library | Shelving location | Date acquired | Total checkouts | Full call number | Barcode | Date last seen | Price effective from | Koha item type |
|---|---|---|---|---|---|---|---|---|---|---|---|---|---|
| Franklin | Franklin | General stacks | 22/03/2026 | GEN | BC0010587 | 22/03/2026 | 22/03/2026 | Books |